Statistics for Cities that End in A by Clue

Click here to take the quiz!

General Stats

  • This quiz has been taken 9,972 times
  • The average score is 14 of 20

Answer Stats

HintCity% Correct
Egyptian city founded by a "Great" conquerorAlexandria
95%
Capital of the autonomous region of CataloniaBarcelona
91%
The capital of TurkeyAnkara
90%
This African city was also the name of a movie starring Humphrey BogartCasablanca
82%
The executive capital of South AfricaPretoria
81%
Japan's second most populous urban areaOsaka
79%
The largest city on the island of JavaJakarta
78%
Inland South American city designed by Oscar Niemeyer and founded in 1960Brasília
73%
City where "The Running of the Bulls" takes placePamplona
70%
City where Benjamin Franklin became famousPhiladelphia
66%
Mexican city just a little bit south of San DiegoTijuana
65%
Home to the Red Cross headquartersGeneva
61%
Christopher Columbus hailed from this city on the northwest coast of ItalyGenoa
60%
Despite its proximity to the U.S., fewer than 10% of the one million tourists who
visit this city annually are American
Havana
60%
Palestinian city on the Mediterranean coastGaza
60%
Conquistador Francisco Pizarro founded this city in 1535Lima
58%
General William T. Sherman burned it to the ground in 1864Atlanta
58%
The largest city on Ukraine's Black Sea coastOdessa
56%
Southernmost major city in Spain, birthplace of Pablo PicassoMálaga
41%
Kenya's largest coastal cityMombasa
36%

Score Distribution

Percentile by Number Answered

Percent of People with Each Score

Your Score History

You have not taken this quiz